| 000 | 00962nam a2200277 i 4500 | ||
|---|---|---|---|
| 001 | 183488 | ||
| 003 | ES-MaACL | ||
| 005 | 20240314063031.0 | ||
| 008 | 140702s2013 sp a |||| | spa d | ||
| 020 | _a978-84-15750-40-6 | ||
| 040 | _cES-MaACL | ||
| 080 | _a821.134.2-32"19" | ||
| 100 | 1 |
_aRebate, Carlos. _9154892 _eaut |
|
| 245 | 1 | 0 |
_aSin temor a la noche / _cCarlos Rebate y Lucía Rebate. |
| 250 | _a1ª ed. en esta colección. | ||
| 260 |
_aBarcelona : _bPlataforma Editorial, _c2013. |
||
| 300 |
_a98 páginas : _bilustraciones ; _c22 cm. |
||
| 490 | 1 | _aPlataforma actual | |
| 700 | 1 |
_aRebate, Lucía. _9154893 _eaut |
|
| 830 |
_aPlataforma actual _9192007 |
||
| 852 |
_aES-MaACL _bR.149955 _cDEPO1 _dOlim: N-6102 _gDedicatoria autógrafa del autor _hDonación: Carlos Rebate _jA-13102 _9190428 |
||
| 903 |
_9154892 _aRebate, Carlos _ednr |
||
| 942 |
_cMONOGRAFIA _n0 |
||
| 999 |
_c183488 _d183488 |
||